Marauders - Statistics

General Stats
  • This quiz has been taken 333 times
  • The average score is 27 of 45
Answer Stats
Suggerimento Answer % Correct
who is the smartest marauder? Remus Lupin
98%
who is moony's boyfriend? Sirius Black
95%
what is peter pettigrew's nickname? Wormtail
95%
what is the name of the ship between james potter and lily evans? Jily
90%
who is RAB? Regulus Arcturus Black
82%
what is the name of sirius' female best friend? (in atyd they have a "relationship") Marlene Mckinnon
80%
who is lily evans' sister? Petunia Evans
77%
what animagus is peter? Rat
72%
who was lily friend with before hogwarts? Severus Snape
72%
what creature is remus? Werewolf
71%
where did Sirius go after being kicked out of the house? James's Potter house
69%
what are the black names inspired by? constellations / stars
68%
who was narcissa black getting married to? (in canon) Lucius Malfoy
68%
who married alice fortescue? (in canon) Frank Longbottom
67%
which of the black sisters runs away from home? Andromeda Black
66%
what house are the marauders from? Gryffindor
66%
what is the insult snape used to call lily? Mudblood
66%
who are the parents of regulus and sirius? Walburga Black, Orion Black
66%
who is marlene mckinnon's girlfriend in fanon? Dorcas Meadowes
65%
which are rab' two love interests? James Potter, Barty Crouch Jr
64%
what does moony always eat? chocolate
63%
who is barty and regulus' best friend who is also snape's friend? Evan Rosier
63%
who, among the marauders, play quidditch? James Potter, Sirius Black
62%
what is the name of the ship between severus snape and lily evans? Snily
62%
what house is emma vanity from? Slytherin
61%
who is in the same group as dorcas? Evan Rosier, Pandora, Regulus Black, Barty Crouch Jr
59%
who is the narcissa black's girlfriend? (nobleflower) Alice Fortescue
58%
who is the heir of blacks? Sirius Black
58%
who are the black sisters? Bellatrix Black, Andromeda Black, Narcissa Black
57%
who oblivated herself? Mary Macdonald
54%
who is rab's best friend? Pandora
53%
who is moony's "friend" in atyd? Grant Chapman
52%
who is sirius' favorite uncle? Alphard Black
51%
who did snape become friends with? Avery, Mulciber, Aurora Sinistra, Charity Burbage, Wilkes
51%
who are the quillkillers? Bellatrix Black and Rita Skeeter
47%
who, in fanon, is peter shipped with? (a threesome relationship) Evan Rosier and Barty Crouch Jr
47%
in which year the "prank" happened? 6th / 5th
45%
who told remus what sirius apparently did during the war? Mary Macdonald
40%
who killed peter? Peter Pettigrew
38%
who was a hufflepuff friend of mary macdonald? (it's also ship) Emmeline Vance
36%
who were the bones siblings? Amelia Bones, Edgar Bones
33%
who was mary macdonald attacked by? Mulciber
28%
who are the lestrange siblings? (two boys and a girl) Rodolphus Lestrange, Rabastan Lestrange and Pandora Lestrange
28%
who kills ted tonks? Bellatrix Black
17%
in the fanon, who is amelia bones shipped with? Emma Vanity
7%
No matching quizzes found
Score Distribution
Percent of People with Each Score
Percentile by Number Answered
Your Score History
You have not taken this quiz